Statistics for Vilka länder ligger i Nord och Centralamerika?

Click here to take the quiz!

General Stats

  • This quiz has been taken 24 times
  • The average score is 15 of 23

Answer Stats

HintAnswer% Correct
Nord och CentralamerikaKuba
100%
Nord och CentralamerikaUSA
92%
Nord och CentralamerikaMexiko
92%
Nord och CentralamerikaKanada
92%
Nord och CentralamerikaBahamas
83%
Nord och CentralamerikaPanama
83%
Nord och CentralamerikaHonduras
83%
Nord och CentralamerikaBarbados
83%
Nord och CentralamerikaEl Salvador
75%
Nord och CentralamerikaHaiti
75%
Nord och CentralamerikaJamaica
75%
Nord och CentralamerikaBelize
75%
Nord och CentralamerikaGuatemala
67%
Nord och CentralamerikaDominikanska Republiken
67%
Nord och CentralamerikaCosta Rica
67%
Nord och CentralamerikaNicaragua
67%
Nord och CentralamerikaGrenada
50%
Nord och CentralamerikaDominica
50%
Nord och CentralamerikaSaint Lucia
50%
Nord och CentralamerikaSaint Kitts och Nevis
17%
Nord och CentralamerikaAntigua och Barbuda
17%
Nord och CentralamerikaSaint Vincent och Grenadinerna
8%
Nord och CentralamerikaTrinidad och Trobago
0%

Score Distribution

Percentile by Number Answered

Percent of People with Each Score

Your Score History

You have not taken this quiz